| Tag |
First Indicator |
Second Indicator |
Subfields |
| LEADER |
00000cam a2200000 4500 |
| 001 |
in00000044841 |
| 005 |
20151007075154.0 |
| 008 |
780328s1887 fr af 00010 fre c |
| 010 |
|
|
|a gs 17000332
|
| 035 |
|
|
|a (OCoLC)03756880
|
| 035 |
|
|
|9 AAF2762AM
|
| 040 |
|
|
|a U. S. Geol. Survey. Libr.
|c HDC
|d TXA
|d UtOrBLW
|
| 049 |
|
|
|a TXAM
|c [71316]
|
| 090 |
|
|
|a GB1003
|b .D38 1887
|
| 092 |
|
|
|a 551.49
|b D236ea
|
| 100 |
1 |
|
|a Daubree, Auguste,
|c i.e. Gabriel Auguste,
|d 1814-1896.
|
| 245 |
1 |
4 |
|a Les eaux souterraines aux epoques anciennes :
|b role qui leur revient dans l'origine et les modifications de la substance de l'ecorce terrestre /
|c par A. Daubree.
|
| 264 |
|
1 |
|a Paris :
|b Vve C. Dunod,
|c 1887.
|
| 300 |
|
|
|a 2 pages ., iv, 443 pages :
|b illustrations (part color) plate, diagrams ;
|c 25 cm.
|
| 336 |
|
|
|a text
|b txt
|2 rdacontent
|
| 337 |
|
|
|a unmediated
|b n
|2 rdamedia
|
| 338 |
|
|
|a volume
|b nc
|2 rdacarrier
|
| 650 |
|
0 |
|a Groundwater.
|
| 999 |
|
|
|a MARS
|
| 999 |
f |
f |
|s 939ae87f-1c32-30bc-b0f1-e752f162aa25
|i d2893d36-e6f0-3742-806a-866348ffef08
|t 0
|
| 952 |
f |
f |
|p ric
|a Texas A&M University
|b Rellis Campus
|c Joint Library Facility
|d Remote Storage
|t 0
|e GB1003 .D38 1887
|h Library of Congress classification
|i unmediated -- volume
|m A14800952945
|
| 998 |
f |
f |
|a GB1003 .D38 1887
|t 0
|l Remote Storage
|